| 000 | 00881nam a2200289 a 4500 | ||
|---|---|---|---|
| 008 | |||
| 020 | _a0750618310 (pbk.) | ||
| 049 | _aMAIN | ||
| 090 | _aHC381 | ||
| 100 | 1 | _aBruton, Kevin. | |
| 245 | 1 | 4 |
_aThe business culture in Spain / _cKevin Bruton. |
| 260 |
_aOxford : _bButterworth-Heinemann, _c1994. |
||
| 300 |
_axvii, 153 p. : _bmaps ; _c24 cm. |
||
| 504 | _aIncludes bibliographical references : p. 148-149. | ||
| 500 | _aIncludes index. | ||
| 651 | 0 |
_aSpain _xEconomic conditions _y1975- |
|
| 650 | 0 |
_aInvestments, Foreign _zSpain. |
|
| 651 | 0 |
_aSpain _xCommerce. |
|
| 650 | 0 |
_aMarketing _zSpain. |
|
| 650 | 0 |
_aCorporate culture _zSpain. |
|
| 650 | 0 |
_aNegotiation in business _zSpain. |
|
| 907 |
_a.b10050255 _b05-07-03 _c17-04-03 |
||
| 003 | |||
| 005 | 20230123133320.0 | ||
| 040 | _cNUST | ||
| 942 |
_cBOOKS _kHC381 |
||
| 999 |
_c146470 _d146470 |
||